000 01702nam0a2200373 4500
001 RU\NLR\bibl\730555
005 20250613235624.0
010 _a5-85457-227-3
_bв обл.
_9500
021 _aRU
_b2004-51631
_92539
035 _aRSL-KNO-002464459
035 _a(NLR Aleph) 000720530
090 _a700115
_c700115
100 _a20040830d2004 |||y0rusy50 ca
101 0 _arus
102 _aRU
105 _aa |||||||||
106 _ar
200 1 _aМоя бесценная Сюзанна
_eповести и рассказы
_fБорис Бадеев
210 _aТверь
_cТвер. обл. кн.-журн. изд-во (ТКИ)
_d2004
_eТвер. обл. тип.
215 _a221, [2] с.
_cил., портр.
_d20
327 1 _aСодерж.: Моя бесценная Сюзанна; Черные дятлы; Клад: повести; Тяжелый взгляд; 500-веселый: рассказы
610 0 _aФилологические науки. Художественная литература -- Российская Федерация -- Русская литература -- с сер. 50-х гг. 20 в. -- Произведения художественной литературы -- Художественная проза -- Романы. Повести. Рассказы
686 _aШ5(2=Р)75-644
_2rubbk
686 _aШ6(2=Р)75-44
700 1 _aБадеев
_bБ. С.
_gБорис Степанович
_4070
801 0 _aRU
_bRuMoRKP
_c20040830
_grcr
801 1 _aRU
_bRuMoRGB
_c20040830
801 2 _aRU
_bNLR
_c20050302
_gPSBO
830 _aавт по кн
942 _cBOOK
980 _aNB
980 _aNBR